| 000 | 00603nam a22002297a 4500 | ||
|---|---|---|---|
| 999 |
_c4692 _d4692 |
||
| 001 | 4692 | ||
| 003 | BD-JhCC | ||
| 005 | 20171129194133.0 | ||
| 008 | 171129r19521962bg ab||| |||| 000 0 eng d | ||
| 035 | _a(BD-JhCC)4692 | ||
| 040 |
_aBD-JhCC _dBD-JhCC |
||
| 041 | _aeng | ||
| 082 |
_a956 _bCHO 1962 |
||
| 100 | _aChowdhury, Nurul Islam | ||
| 245 |
_aA Brief Survey of Islamic History / _cNurul Islam Chowdhury |
||
| 260 |
_aDhaka : _bIdeal Library, _c1962. |
||
| 300 |
_a488 p. : _bill. ; _c18 cm. |
||
| 504 | _aIncludes Illustration | ||
| 650 | _aIslamic History | ||
| 942 |
_2ddc _cBK |
||